000 00976na a2200313 4500
001 16572
003 MIRAKIL
005 20181213154833.0
008 161008b tu 000 0
020 _a9757100048
040 _aMilas
_btur
_cTR-AnCHP
041 _atur
082 _a328.3452
_bH22m 1997
090 _a328.3452 H22m 1997
100 _aHafızoğulları, Zeki
245 _aMeclis soruşturmaları hakkında düşünceler
_bÜç örnek
_cZeki Hafızoğulları, Bülent Acar, Asım Livanelioğlu
250 _a.
260 _aAnkara
_bU s-A Yayıncılık
_c1997
300 _a159, [58] s.
_c20 sm.
490 _aCep Kitapları Serisi (Hukuk)
_v1
504 _aKaynakça var.
650 _aMalvarlığı
_xMeclis soruşturmaları
650 _aTofaş
_xMeclis soruşturmaları
650 _aTedaş
_xMeclis soruşturmaları
650 _aMeclis soruşturmaları
700 _aLivanelioğlu, Ömer Asım
700 _aAcar, Bülent
942 _2ddc
_cBKS
999 _c1744
_d1744